| 000 | 02459nam0a2200361 4500 | ||
|---|---|---|---|
| 001 | RU\NLR\BIBL_A\012658888 | ||
| 005 | 20220322135827.0 | ||
| 010 |
_a978-5-904693-83-1 _9100 |
||
| 021 |
_aRU _bКН-П-21-052894 _9КН-П-21-4151 |
||
| 035 | _a(NLR Aleph) 012658888 | ||
| 090 |
_a12749418 _c12749418 |
||
| 100 | _a20211206d2021 k y0rusy50 ca | ||
| 101 | 0 | _arus | |
| 102 | _aRU | ||
| 105 | _ay|||z|||100zy | ||
| 181 | 0 |
_ai _baxxe |
|
| 182 | 0 | _an | |
| 200 | 1 |
_aСоциальная реабилитация детей-инвалидов в рамках комплексной реабилитации _eсборник материалов интернет-конференции. 27 октября 2017г. _fМинистерство труда и социальной защиты населения Ставропольского края, Государственное бюджетное учреждение социального обслуживания "Ставропольский реабилитационный центр для детей и подростков с ограниченными возможностями здоровья" _gнаучный редактор: Л. П. Погребняк - доктор педагогических наук, профессор |
|
| 203 |
_aТекст _bвизуальный _cнепосредственный |
||
| 210 |
_aСтаврополь _cБюро новостей _d2021 |
||
| 215 |
_a194, [2] с. _d21 |
||
| 320 | _aБиблиогр. в конце докл. | ||
| 606 | 1 |
_aДети-инвалиды _jСборники _xРеабилитация социальная _92072861 _3RU\NLR\AUTH\661247718 |
|
| 686 | 1 | _aС550.325.2я43 | |
| 686 | 1 | _aР11(2)442.97я43 | |
| 702 | 1 |
_aПогребняк _bЛ. П. _gЛюбовь Павловна |
|
| 711 | 1 | 2 |
_a"Социальная реабилитация детей-инвалидов в рамках комплексной реабилитации", Интернет-конференция _eСтаврополь _f2017 _9780708 _3RU\NLR\AUTH\880556817 |
| 712 | 0 | 2 |
_4570 _aСтавропольский реабилитационный центр для детей и подростков с ограниченными возможностями здоровья _9468025 _3RU\NLR\AUTH\880400573 |
| 942 | _cBOOK | ||
| 980 | _aNB | ||